<?xml version="1.0" encoding="UTF-8"?>
<collection xmlns="http://www.loc.gov/MARC21/slim">
 <record>
  <leader>01207cam a2200277 7i4500</leader>
  <controlfield tag="001">0000002411</controlfield>
  <controlfield tag="005">20150325090000.0</controlfield>
  <controlfield tag="003">  iicp-my</controlfield>
  <controlfield tag="005">  20021204213000.0</controlfield>
  <controlfield tag="008">000000                       00         </controlfield>
  <datafield tag="020" ind1=" " ind2=" ">
   <subfield code="a">0043012965 </subfield>
  </datafield>
  <datafield tag="039" ind1=" " ind2="9">
   <subfield code="y">200212042130</subfield>
   <subfield code="z">VLOAD</subfield>
  </datafield>
  <datafield tag="090" ind1="0" ind2="0">
   <subfield code="a">959.8035 </subfield>
   <subfield code="b">CRI</subfield>
  </datafield>
  <datafield tag="100" ind1="1" ind2="0">
   <subfield code="a">Cribb, R. B. </subfield>
  </datafield>
  <datafield tag="245" ind1="0" ind2="0">
   <subfield code="a">Gangsters and revolutionaries : </subfield>
   <subfield code="b">the Jakarta People's Militia and the Indonesian revolution, 1945-1949  </subfield>
   <subfield code="c">Robert Cribb..</subfield>
  </datafield>
  <datafield tag="260" ind1=" " ind2=" ">
   <subfield code="a">Sydney: </subfield>
   <subfield code="b">Allen &amp; Unwin Pty Ltd, </subfield>
   <subfield code="c">c1991..</subfield>
  </datafield>
  <datafield tag="300" ind1=" " ind2=" ">
   <subfield code="a">xiii, 222 p.: </subfield>
   <subfield code="b">ill., maps; </subfield>
   <subfield code="c">23 cm..</subfield>
  </datafield>
  <datafield tag="500" ind1=" " ind2=" ">
   <subfield code="a">&quot;First published in 1991 by Allen &amp; Unwin in association with the Asian Studies Association of Australia&quot;--T.p. verso.</subfield>
  </datafield>
  <datafield tag="504" ind1=" " ind2=" ">
   <subfield code="a">Includes bibliographical references (p. 193-207) and index.</subfield>
  </datafield>
  <datafield tag="610" ind1="2" ind2="0">
   <subfield code="a">Lasykar Rakyat Jakarta Raya -- </subfield>
   <subfield code="x">History. </subfield>
  </datafield>
  <datafield tag="650" ind1=" " ind2="0">
   <subfield code="a">Gangsters -- </subfield>
   <subfield code="x">History -- </subfield>
   <subfield code="z">Indonesia -- </subfield>
   <subfield code="z">Jakarta </subfield>
  </datafield>
  <datafield tag="650" ind1=" " ind2="0">
   <subfield code="a">Indonesia -- </subfield>
   <subfield code="x">Politics and government -- </subfield>
   <subfield code="y">1942-1949. </subfield>
  </datafield>
  <datafield tag="650" ind1=" " ind2="0">
   <subfield code="a">National liberation movements -- </subfield>
   <subfield code="z">Indonesia - Jakarta. </subfield>
  </datafield>
  <datafield tag="651" ind1=" " ind2="0">
   <subfield code="a">Jakarta (Indonesia) -- </subfield>
   <subfield code="x">History. </subfield>
  </datafield>
  <datafield tag="651" ind1=" " ind2="0">
   <subfield code="a">Indonesia -- </subfield>
   <subfield code="x">History -- </subfield>
   <subfield code="y">Revolution, 1945-1949. </subfield>
  </datafield>
  <datafield tag="999" ind1=" " ind2=" ">
   <subfield code="a">1000005457</subfield>
   <subfield code="b">Book</subfield>
   <subfield code="c">White Spot</subfield>
  </datafield>
 </record>
</collection>
